[Event "OP-2012-0-02140"]
[Site "LSS email"]
[Date "2012.04.08"]
[Round "?"]
[White "Wilk, Zbigniew"]
[Black "Taroma Corpus, Roger"]
[Result "1-0"]
[WhiteElo "2133"]
[BlackElo "1603"]
[PlyCount "89"]
[EventDate "2012.04.03"]
[EventType "tourn (corr)"]
[EventRounds "4"]
[EventCountry "GER"]
[SourceTitle "Telechess CBM 153"]
[Source "ChessBase"]
[SourceDate "2013.03.14"]
[SourceVersion "1"]
[SourceVersionDate "2013.03.14"]
[SourceQuality "1"]

1. d4 d5 2. Nf3 Nf6 3. Bf4 c6 4. Nc3 Qb6 5. Rb1 Nbd7 6. Qd3 e6 7. a3 Be7 8. h3 Nh5 9. Bh2 0-0 10. e4 dxe4 11. Nxe4 Nhf6 12. Ned2 c5 13. Be2 Rd8 14. c3 cxd4 15. Nxd4 e5 16. Nc4 Qc5 17. b4 Qd5 18. Nf5 Bf8 19. Rd1 Qe6 20. Qc2 Nd5 21. 0-0 N7f6 22. Nfe3 e4 23. Nxd5 Rxd5 24. Rxd5 Nxd5 25. Rd1 b6 26. Ne5 Bb7 27. Bc4 e3 28. fxe3 b5 29. Bb3 Bd6 30. Qe4 Bxe5 31. Bxe5 a6 32. Bxd5 Bxd5 33. Qxd5 Qe8 34. e4 Qf8 35. Rd3 Kh8 36. Rf3 f6 37. Qc6 Re8 38. Bd4 Qe7 39. Rxf6 Rd8 40. Rf3 h5 41. Qh6+ Kg8 42. Rg3 Rxd4 43. cxd4 h4 44. Rg4 Qd7 45. Qb6 1-0

[Event "CP-2011-P-00006"]
[Site "LSS email"]
[Date "2011.09.30"]
[Round "?"]
[White "Paluch, Andrzej"]
[Black "Wilk, Zbigniew"]
[Result "1/2-1/2"]
[WhiteElo "1790"]
[BlackElo "2111"]
[PlyCount "44"]
[EventDate "2011.10.01"]
[EventType "tourn (corr)"]
[EventRounds "6"]
[EventCountry "GER"]
[SourceTitle "Telechess CBM 155"]
[Source "ChessBase"]
[SourceDate "2013.07.16"]
[SourceVersion "1"]
[SourceVersionDate "2013.07.16"]
[SourceQuality "1"]

1. d4 Nf6 2. c4 e6 3. Nc3 Bb4 4. Qc2 0-0 5. a3 Bxc3+ 6. Qxc3 b6 7. Nf3 Bb7 8. g3 d6 9. Bg2 Nbd7 10. 0-0 Qe7 11. b4 Rfe8 12. a4 a5 13. b5 Rac8 14. Ba3 c5 15. bxc6 Bxc6 16. Rfc1 h6 17. Rab1 Be4 18. Rb2 Rc6 19. Bf1 Qd8 20. Nd2 e5 21. e3 exd4 22. exd4 Bh7 1/2-1/2

[Event "SA-2011-0-00214"]
[Site "LSS email"]
[Date "2011.09.07"]
[Round "?"]
[White "Daurelle, Herve"]
[Black "Wilk, Zbigniew"]
[Result "1-0"]
[WhiteElo "2276"]
[BlackElo "2112"]
[PlyCount "73"]
[EventDate "2011.08.20"]
[EventType "tourn (corr)"]
[EventRounds "6"]
[EventCountry "GER"]
[SourceTitle "Corr 2015"]
[Source "ChessBase"]
[SourceDate "2015.07.17"]
[SourceVersion "1"]
[SourceVersionDate "2015.07.17"]
[SourceQuality "1"]

1. e4 c6 2. d4 d5 3. e5 c5 4. dxc5 e6 5. Be3 Nd7 6. Nc3 Ne7 7. Nf3 Nc6 8. Bb5 Be7 9. 0-0 0-0 10. Bxc6 bxc6 11. b4 Qc7 12. Bd4 a5 13. a3 Ba6 14. Re1 Rfb8 15. Qd2 Qb7 16. Rab1 Bc4 17. Qf4 axb4 18. axb4 h6 19. h4 Qc7 20. Nd2 Ba6 21. Re3 f5 22. Na4 Bb5 23. Rg3 Kh7 24. Nb6 Ra2 25. Be3 Nf8 26. Nf3 Ba4 27. Nxa4 Rxa4 28. c3 Qd7 29. h5 Qe8 30. Rh3 Nd7 31. g4 Nxc5 32. gxf5 Ne4 33. f6 Nxc3 34. Nd4 c5 35. Kh2 Nxb1 36. Nxe6 Raxb4 37. Qf5+ 1-0